Học và thi tốt TOEFL trong 6 bước
Sách bao gồm cách chuẩn bị thi TOEFL, kỹ năng đọc hiểu, cấu trúc ngữ pháp và văn phong, nghe hiểu, cách viết và cách lưu ý về thi, đáp án và giải thích.
Đã lưu trong:
| Tác giả chính: | |
|---|---|
| Định dạng: | Sách |
| Ngôn ngữ: | Undetermined |
| Được phát hành: |
Hà Nội
Thanh niên
2016
|
| Những chủ đề: | |
| Các nhãn: |
Thêm thẻ
Không có thẻ, Là người đầu tiên thẻ bản ghi này!
|
| Thư viện lưu trữ: | Trung tâm Học liệu Trường Đại học Cần Thơ |
|---|
| LEADER | 00808nam a2200217Ia 4500 | ||
|---|---|---|---|
| 001 | CTU_207396 | ||
| 008 | 210402s9999 xx 000 0 und d | ||
| 020 | |c 124000 | ||
| 082 | |a 428.0076 | ||
| 082 | |b Đ552 | ||
| 100 | |a Đức Long | ||
| 245 | 0 | |a Học và thi tốt TOEFL trong 6 bước | |
| 245 | 0 | |c Đức Long | |
| 260 | |a Hà Nội | ||
| 260 | |b Thanh niên | ||
| 260 | |c 2016 | ||
| 520 | |a Sách bao gồm cách chuẩn bị thi TOEFL, kỹ năng đọc hiểu, cấu trúc ngữ pháp và văn phong, nghe hiểu, cách viết và cách lưu ý về thi, đáp án và giải thích. | ||
| 650 | |a English language,Tiếng Anh | ||
| 650 | |x Examinantion,Kỳ thi | ||
| 904 | |i Hải | ||
| 980 | |a Trung tâm Học liệu Trường Đại học Cần Thơ | ||